UM Logo

Rules and government / (Record no. 6934)

MARC details
000 -LEADER
fixed length control field 00617nam a22001937a 4500
008 - FIXED-LENGTH DATA ELEMENTS--GENERAL INFORMATION
fixed length control field 170617b xxu||||| |||| 00| 0 eng d
020 ## - INTERNATIONAL STANDARD BOOK NUMBER
International Standard Book Number 0-19-825909-3
082 ## - DEWEY DECIMAL CLASSIFICATION NUMBER
Edition number 1995
Classification number DC 342.066
Item number B19
100 ## - MAIN ENTRY--PERSONAL NAME
9 (RLIN) 20983
Personal name Baldwin, Robert, Dr
245 ## - TITLE STATEMENT
Title Rules and government /
Statement of responsibility, etc. Robert Baldwin
260 ## - PUBLICATION, DISTRIBUTION, ETC. (IMPRINT)
Place of publication, distribution, etc. Oxford :
Name of publisher, distributor, etc. Clarendon Press,
Date of publication, distribution, etc. ©1995.
300 ## - PHYSICAL DESCRIPTION
Extent xv, 331 pages ;
Dimensions 22 cm
440 ## - SERIES STATEMENT/ADDED ENTRY--TITLE
9 (RLIN) 20984
Title Oxford socio-legal studies
500 ## - GENERAL NOTE
General note Includes bibliographical references and index.
650 #0 - SUBJECT ADDED ENTRY--TOPICAL TERM
9 (RLIN) 20985
Topical term or geographic name as entry element Administrative procedure
650 #0 - SUBJECT ADDED ENTRY--TOPICAL TERM
9 (RLIN) 20986
Topical term or geographic name as entry element Police power
365 ## - TRADE PRICE
Price amount 4,107
Currency code Php
942 ## - ADDED ENTRY ELEMENTS (KOHA)
Source of classification or shelving scheme Dewey Decimal Classification
Koha item type Circulation
Holdings
Withdrawn status Lost status Source of classification or shelving scheme Damaged status Not for loan Collection code Home library Current library Date acquired Source of acquisition Cost, normal purchase price Total Checkouts Full call number Barcode Date last seen Copy number Price effective from Koha item type
    Dewey Decimal Classification     Circulation UM Digos College - LIC UM Digos College - LIC   Purchased 4107.00   DC 342.066 B19 1995 12181 05/15/2025 1 06/17/2017 Circulation